000 00371 a2200157 4500
020 _a9695190758
082 _a297.4
090 _c5198
_d5198
100 _aSells,Michael A.
245 _aEarly Islamic Mysticism
_cMichael A.Sells
250 _a1st
260 _aLahore
_bSuhail Academy
_c2004
300 _a398p
500 _aHard cover
942 _aNBS
_cBK
_k297.4 SEL
999 _c347617
_d347617